Statistics for Countries with Big Gemstones

Click here to take the quiz!

General Stats

  • This quiz has been taken 984 times
  • The average score is 33 of 45

Answers on the Map

Answers color-coded by a green-red scale on the quiz's map according to % correct below.
 

Answer Stats

Ruby% Correct
China
97%
India
96%
India
96%
Russia
96%
Russia
96%
Brazil
95%
South Africa
95%
Australia
92%
Australia
92%
Australia
92%
Democratic Republic of the Congo
92%
Angola
85%
Botswana
85%
Namibia
84%
Tanzania
84%
Tanzania
84%
Canada
83%
Zimbabwe
83%
Mozambique
82%
Zambia
82%
Kenya
81%
Indonesia
79%
Thailand
73%
Thailand
73%
Pakistan
72%
Pakistan
72%
Colombia
69%
Myanmar
69%
Myanmar
69%
Vietnam
68%
Vietnam
68%
Malawi
63%
Madagascar
61%
Madagascar
61%
Madagascar
61%
Cambodia
59%
Cambodia
59%
Central African Republic
58%
Afghanistan
54%
Afghanistan
54%
Sri Lanka
30%
Sri Lanka
30%
Guinea
27%
Sierra Leone
27%
Guyana
20%

Score Distribution

Percentile by Number Answered

Percent of People with Each Score

Your Score History

You have not taken this quiz